| 000 | 00449 a2200157 4500 | ||
|---|---|---|---|
| 005 | 20260413152513.0 | ||
| 008 | 260413b |||||||| |||| 00| 0 eng d | ||
| 020 | _a9789354824074 | ||
| 080 |
_aFM _bJAC/V |
||
| 100 | _aJacob Abraham | ||
| 245 | _aVangoghinte kamuki(വാൻ ഗോഗിൻെറ കാമുകി) | ||
| 260 |
_bD C books. _aKottayam. _c2025. |
||
| 300 | _a190p. | ||
| 653 | _aFiction-Novel-Malayalam Literature | ||
| 942 | _cOO | ||
| 999 |
_c115282 _d115281 |
||